[Event "Buenos Aires Clarin International"]
[Site "Buenos Aires"]
[Date "1979.??.??"]
[Round "4"]
[White "Quinteros, Miguel Angel"]
[Black "Petrosian, Tigran V"]
[Result "1-0"]
[WhiteElo "2545"]
[BlackElo "2610"]
[PlyCount "97"]
[EventDate "1979.11.26"]
[EventType "tourn"]
[EventRounds "13"]
[EventCountry "ARG"]
[EventCategory "11"]
[SourceTitle "MCL"]
[Source "ChessBase"]
[SourceDate "1999.07.01"]
[SourceVersion "1"]
[SourceVersionDate "1999.07.01"]
[SourceQuality "1"]

1. Nf3 Nf6 2. c4 e6 3. g3 d5 4. Bg2 Be7 5. O-O O-O 6. d4 c6 7. Qc2 b6 8. b3 Ba6
9. Bb2 Nbd7 10. Nbd2 Rc8 11. e4 Nxe4 12. Nxe4 dxe4 13. Qxe4 b5 14. c5 b4 15.
Rfd1 Bb5 16. Qe1 Rb8 17. a3 bxa3 18. Rxa3 Rb7 19. Bc1 Nf6 20. Bg5 Nd5 21. Bxe7
Nxe7 22. Ne5 Qc7 23. Be4 Rd8 24. Bxh7+ Kxh7 25. Nxf7 Rd5 26. Qxe6 Qd7 27. Qe4+
Qf5 28. f3 Nc8 29. g4 Qxe4 30. fxe4 Rdd7 31. Ne5 Rd8 32. b4 Kg8 33. Rh3 Re7 34.
Ng6 Ree8 35. Rd2 Kf7 36. Ne5+ Rxe5 37. Rf2+ Ke6 38. dxe5 Ne7 39. Rh7 Rg8 40.
Rd2 a6 41. Kf2 Kxe5 42. Ke3 Kf6 43. Rd6+ Kf7 44. Rh3 Rb8 45. g5 Bc4 46. g6+ Ke8
47. Rf3 Bb3 48. h4 Bd1 49. Rxd1 1-0

[Event "72nd ch-RUS HL 2019"]
[Site "Yaroslavl RUS"]
[Date "2019.06.29"]
[Round "3.1"]
[White "Predke, A.."]
[Black "Timofeev, Arty"]
[Result "1-0"]
[WhiteElo "2632"]
[BlackElo "2608"]
[PlyCount "47"]
[EventDate "2019.06.27"]
[EventType "swiss"]
[EventRounds "9"]
[EventCountry "RUS"]
[SourceTitle "The Week in Chess 1286"]
[Source "Mark Crowther"]
[SourceDate "2019.07.01"]
[SourceVersion "1"]
[SourceVersionDate "2019.07.01"]
[SourceQuality "2"]

1. e4 c5 2. Nc3 Nc6 3. Bb5 Nd4 4. Nf3 e6 5. O-O a6 6. Bd3 Nc6 7. e5 d5 8. exd6
Bxd6 9. Re1 Nf6 10. Ne4 Be7 11. Nxf6+ Bxf6 12. Be4 Bd7 13. c3 O-O 14. d3 b5 15.
Be3 Qe7 16. a4 b4 17. cxb4 cxb4 18. Rc1 Bxb2 19. Bc5 Qe8 20. Rc4 Bc3 21. Bxh7+
Kxh7 22. Ng5+ Kg6 23. Rh4 e5 24. Nh7 1-0

[Event "Sigeman & Co 10th"]
[Site "Malmo"]
[Date "2002.06.12"]
[Round "7"]
[White "Johannessen, Leif Erlend"]
[Black "Epishin, Vladimir"]
[Result "1-0"]
[WhiteElo "2452"]
[BlackElo "2606"]
[Annotator "Dautov,R"]
[PlyCount "79"]
[EventDate "2002.06.06"]
[EventType "tourn"]
[EventRounds "9"]
[EventCountry "SWE"]
[EventCategory "13"]
[SourceTitle "CBM 090"]
[Source "ChessBase"]
[SourceDate "2002.09.20"]
[SourceVersion "1"]
[SourceVersionDate "2002.09.20"]
[SourceQuality "1"]

1. d4 Nf6 2. c4 e6 3. Nc3 Bb4 4. e3 c5 5. Bd3 d5 6. Nf3 cxd4 7. exd4 dxc4 8.
Bxc4 Qc7 {Der Lieblingszug von Epishin. Mit dem frühen Angriff auf den
weißen Läufer will Schwarz den möglichen Varianten mit dem Opfer des Bauern
c3 aus dem Weg gehen.} (8... O-O 9. O-O Nbd7 (9... Qc7 10. Bd3 $5) 10. Bg5 Bxc3
11. bxc3 Qc7 12. Bd3 $5 Qxc3 13. Rc1 $44) 9. Qe2 (9. Qd3 O-O 10. O-O Nc6 $5 (
10... Nbd7 11. Bg5 Bxc3 12. bxc3 b6) 11. Bg5 Na5 12. Bb5 Nd5 13. Rac1 Bxc3 14.
bxc3 a6 15. Ba4 Qc4 16. Bc2 Qxd3 17. Bxd3 b5 $11 {Jussupow,A-Epishin,V/
Bundesliga 2000}) (9. Bb5+ $6 Bd7 10. Bxd7+ Nbxd7 11. Bd2 O-O 12. O-O Bxc3 13.
Bxc3 Rfc8 $15 {Benito Alba,E-Epishin,V/Corte Ingles 1998}) 9... O-O 10. O-O
Bxc3 11. bxc3 Nbd7 {Mit einer kleinen Zugumstellung wurde eine häufig
gespielte Nimzowitsch-Stellung erreicht.} 12. Ba3 ({Eine gute Alternative
bietet} 12. Bd2 {, z.B.} b6 13. Rfe1 Bb7 14. Bd3 Nd5 15. Qe4 N5f6 16. Qe2 Nd5
17. Qe4 N5f6 18. Qh4 Bxf3 19. gxf3 Qc6 20. Re3 Rfd8 21. Kh1 Nf8 $13 {Jussupow,
A-Epishin,V/ Bundesliga 1997-98}) 12... Re8 13. Rac1 a6 $1 {Dies ist aktiver
als 13..b6.} (13... b6 14. Ne5 (14. Bd3 Bb7 15. c4 e5 $11) 14... Bb7 15. f4
Rad8 16. Bd3 Qb8 17. Rce1 Qa8 18. Qc2 g6 19. Nc4 Ba6 20. Nd6 $16 {Speelman,
J-Richardson,J/ Birmingham 2002}) 14. Ne5 b5 15. Bd3 $146 (15. Bb3 Bb7 16. c4
Qa5 17. Bd6 bxc4 18. Qxc4 Bd5 $11 {Lautier,J-Anand,V/Monte Carlo 1998}) 15...
Bb7 16. f4 (16. c4 Qa5 17. Qb2 bxc4 18. Nxc4 Qb5 $13) 16... Rad8 $2 {Dieser
automatische Entwicklungszug erlaubt Weiß die Bildung eines starken
Freibauern.} (16... Nb6 17. f5 $36) ({Umsichtiger war} 16... Bd5 $142 $1 {
, mit gegenseitigen Chancen.}) 17. c4 $1 Qb6 (17... bxc4 18. Nxc4 $16 {[%csl
Rd6] /\Nd6}) (17... Qa5 18. Qb2 Nxe5 (18... bxc4 $2 19. Nxc4 $18) 19. fxe5 bxc4
20. Bxc4 Nd7 21. Bd6 $16) 18. c5 Qa5 19. Bb2 Bd5 20. c6 $2 {Diese Entscheidung
behagt mir nicht. Weiß erlaubt das Springermanöver Nb6-c4, sein Bauer c6
wird damit abgeschnitten und geht verloren.} ({Das richtige Vorgehen bestand m.
E. im Königsflügelangriff:} 20. a3 Nb8 21. g4 $16 {->}) 20... Nb6 21. f5 Nc4
$1 22. fxe6 Rxe6 23. Qf2 (23. Bf5 Re7) 23... Bxc6 24. Nxc6 $2 ({Besser war} 24.
Nxc4 bxc4 25. Bxc4 Bd5 $15) 24... Rxc6 25. d5 Nxb2 $4 {[%mdl 8192] Nach diesem
taktischen Fehler geht die Rechnung des Weißen auf, während er nach dem
kaltblütigen 25...Rxd5 nichts hätte.} (25... Rxd5 $1 26. Be4 Rd2 $19) 26.
Bxh7+ $1 Kxh7 27. dxc6 $18 Nc4 {Der Springer muß geopfert werden, um die
Drohung Qf5+ nebst c6-c7 abzuwehren.} 28. Qf5+ Kg8 29. Rxc4 Qc7 30. Rc2 Rd6 31.
Rfc1 b4 32. Qc5 Ng4 33. g3 a5 34. Re2 Nf6 35. Qxd6 Qxd6 36. c7 Qb6+ 37. Kf1 g6
38. c8=Q+ Kg7 39. Qc5 Qb7 40. Qc6 1-0

[Event "Veterans-Women"]
[Site "Monte Carlo"]
[Date "1994.??.??"]
[Round "1"]
[White "Ioseliani, Nana"]
[Black "Portisch, Lajos"]
[Result "1-0"]
[WhiteElo "2435"]
[BlackElo "2605"]
[Annotator "Ribli,Z"]
[PlyCount "57"]
[EventDate "1994.06.??"]
[EventType "schev"]
[EventRounds "6"]
[EventCountry "MNC"]
[SourceTitle "CBM 042"]
[Source "ChessBase"]
[SourceDate "1994.10.01"]
[SourceVersion "1"]
[SourceVersionDate "1994.10.01"]
[SourceQuality "1"]

1. e4 c5 2. Nf3 e6 3. d4 cxd4 4. Nxd4 a6 5. Nc3 Qc7 6. Bd3 Nc6 7. Nxc6 bxc6 (
7... dxc6 $5) 8. O-O d5 9. Qe2 $5 (9. f4 Nf6 10. Qe2 (10. e5 Nd7 11. Na4 Nb6
12. Nxb6 Qxb6+ 13. Kh1 g6 14. b3 a5 15. Qe1 h5 $10 {Adams,M-Lobron,E/Munich/
1993/CBM36/}) 10... Be7 11. Kh1 Bb7 12. Bd2 c5 $10 {Leventic,I-Lau,R/Osijek/
1993/EXP38/}) 9... Bb7 10. Bd2 $5 (10. Kh1 Nf6 11. Bg5 Be7 12. e5 Nd7 13. Bxe7
Kxe7 14. f4 g6 15. Na4 c5 16. c4 $14 {Bistric,F-Marjanovic,S/Sarajevo/1982/})
10... Nf6 11. Rae1 Be7 (11... c5 12. exd5 Nxd5 13. Nxd5 Bxd5 14. c4 Bc6 15. Bc3
$14) 12. Kh1 O-O 13. f4 dxe4 (13... c5 14. exd5 Nxd5 15. f5 $36) 14. Nxe4 c5
15. Bc3 Qc6 $2 (15... Nd5 16. Be5 Qc6 17. c4 Nb4 18. Bb1 $16) (15... Nxe4 16.
Bxe4 Bxe4 17. Qxe4 $14) 16. Nxf6+ Bxf6 17. Bxf6 gxf6 18. Bxh7+ $1 Kh8 (18...
Kxh7 19. Qh5+ Kg7 20. Qg4+ Kh8 21. Rf3 $18) 19. Rf3 Qxf3 20. gxf3 Kxh7 21. Qf2
Rg8 22. Qh4+ Kg7 23. Rg1+ Kf8 24. Rxg8+ Kxg8 25. Qxf6 Bxf3+ 26. Kg1 Bd5 27. h4
$1 Rf8 28. Kf2 c4 29. h5 1-0

[Event "Reggio Emilia-28 \"A\" 1985/86"]
[Site "Reggio Emilia"]
[Date "1985.12.27"]
[Round "1"]
[White "Lobron, Eric"]
[Black "Ribli, Zoltan"]
[Result "1-0"]
[WhiteElo "2525"]
[BlackElo "2605"]
[PlyCount "109"]
[EventDate "1985.12.27"]
[EventType "tourn"]
[EventRounds "11"]
[EventCountry "ITA"]
[EventCategory "13"]
[SourceTitle "MCD"]
[Source "ChessBase"]
[SourceDate "1999.07.01"]
[SourceVersion "1"]
[SourceVersionDate "1999.07.01"]
[SourceQuality "1"]

1. e4 c5 2. Nc3 e6 3. Nf3 d6 4. d4 cxd4 5. Nxd4 a6 6. Bd3 Nd7 7. O-O Ngf6 8.
Be3 b5 9. a4 bxa4 10. Rxa4 Nc5 11. Nc6 Qc7 12. Bxc5 dxc5 13. Na5 Bd6 14. h3 Be5
15. Qe1 Nh5 16. Nc4 O-O 17. Nxe5 Qxe5 18. f4 Nxf4 19. Rxf4 Qxf4 20. e5 Qg5 21.
Rg4 Qd8 22. Bxh7+ Kxh7 23. Qe4+ Kg8 24. Qxa8 f5 25. exf6 Qxf6 26. Qe4 Rd8 27.
Qe3 Rd4 28. Rg5 Qe7 29. Ne2 Rd1+ 30. Kh2 Qd6+ 31. Qg3 Qxg3+ 32. Kxg3 Rd5 33.
Rxd5 exd5 34. Kf4 d4 35. Nc1 Bb7 36. g3 Bd5 37. Ke5 Bf7 38. Nd3 c4 39. Nc5 d3
40. cxd3 cxd3 41. Nxd3 Bc4 42. Nf4 Kf7 43. h4 Bb5 44. g4 Bd7 45. g5 g6 46. b4
Bb5 47. Kd6 Bc4 48. Nd5 Bf1 49. Nb6 Bb5 50. Nd7 Bf1 51. Ne5+ Kg7 52. Ke7 Bb5
53. Nf3 Bd3 54. Nd4 Bc4 55. Ne6+ 1-0

[Event "Speed Chess GP4 2021"]
[Site "chess.com INT"]
[Date "2021.10.09"]
[Round "5"]
[White "Savchenko, B.."]
[Black "Bortnyk, Olexandr"]
[Result "1-0"]
[WhiteElo "2535"]
[BlackElo "2604"]
[PlyCount "113"]
[EventDate "2021.10.09"]
[SourceVersionDate "2018.05.14"]

1. e4 Nf6 2. e5 Nd5 3. d4 d6 4. c4 Nb6 5. exd6 exd6 6. Nc3 Be7 7. Bd3 O-O 8.
Nge2 Bg4 9. O-O Bf6 10. f3 Bh5 11. b3 Re8 12. Ne4 Nc6 13. Nxf6+ Qxf6 14. Qd2
Nxd4 15. Bxh7+ Kxh7 16. Nxd4 c5 17. Nc2 Bg6 18. Rb1 Qf5 19. Rb2 d5 20. Ne3 Qd3
21. cxd5 Qxd2 22. Bxd2 Rad8 23. Re1 Nxd5 24. Nxd5 Rxe1+ 25. Bxe1 Rxd5 26. Rd2
Bd3 27. Kf2 b5 28. Ke3 c4 29. bxc4 bxc4 30. Rb2 Re5+ 31. Kf2 f6 32. h4 Re7 33.
g4 f5 34. Bc3 fxg4 35. fxg4 Kg6 36. Kf3 Rf7+ 37. Kg3 Re7 38. Kf4 Re4+ 39. Kf3
Re7 40. Kf4 Re4+ 41. Kf3 Re7 42. Rb5 Bc2 43. Rg5+ Kh7 44. Rh5+ Kg8 45. Rc5 Bd1+
46. Kf4 Be2 47. Kg5 Re4 48. Rc8+ Kh7 49. Rc7 Rxg4+ 50. Kf5 Rg3 51. Be5 Bd3+ 52.
Kf4 Rg2 53. Rxa7 Kh6 54. Rc7 g6 55. Bg7+ Kh5 56. Bf6 Rf2+ 57. Kg3 1-0

[Event "Wch Blitz 9th"]
[Site "Berlin"]
[Date "2015.10.13"]
[Round "4"]
[White "Shabalov, Alexander"]
[Black "Ponkratov, Pavel"]
[Result "1-0"]
[WhiteElo "2522"]
[BlackElo "2604"]
[PlyCount "55"]
[EventDate "2015.10.13"]
[EventType "swiss (blitz)"]
[EventRounds "21"]
[EventCountry "GER"]
[SourceTitle "CBM 168 Extra"]
[Source "ChessBase"]
[SourceDate "2015.10.29"]
[SourceVersion "1"]
[SourceVersionDate "2015.10.29"]
[SourceQuality "1"]

1. Nf3 Nf6 2. d4 e6 3. e3 c5 4. b3 d5 5. Bb2 Nc6 6. Bd3 Bd6 7. Nbd2 O-O 8. Ne5
Qc7 9. Nxc6 bxc6 10. dxc5 Be7 11. b4 a5 12. a3 e5 13. e4 Rb8 14. Qe2 dxe4 15.
Nxe4 Nd5 16. Nd6 Nf4 17. Qxe5 Bf6 18. Bxh7+ Kxh7 19. Qe4+ Ng6 20. Bxf6 gxf6 21.
O-O Kg7 22. Rad1 axb4 23. axb4 Be6 24. Rd4 Rh8 25. g3 Rh5 26. f4 f5 27. Qe2
Rbh8 28. Qxh5 1-0

[Event "FIDE Chess.com Grand Swiss"]
[Site "Douglas ENG"]
[Date "2019.10.18"]
[Round "8.60"]
[White "Soumya, Sw"]
[Black "Efimenko, Z.."]
[Result "1-0"]
[WhiteElo "2365"]
[BlackElo "2604"]
[PlyCount "79"]
[EventDate "2019.10.10"]
[EventType "swiss"]
[EventRounds "11"]
[EventCountry "ENG"]
[SourceTitle "The Week in Chess 1302"]
[Source "Mark Crowther"]
[SourceDate "2019.10.21"]
[SourceVersion "2"]
[SourceVersionDate "2019.10.25"]
[SourceQuality "2"]

1. d4 Nf6 2. c4 e6 3. Nf3 b6 4. a3 Bb7 5. Nc3 d5 6. cxd5 Nxd5 7. e3 Be7 8. Bb5+
c6 9. Bd3 Nxc3 10. bxc3 Nd7 11. e4 c5 12. Qe2 Qc7 13. O-O O-O 14. Bb2 c4 15.
Bc2 b5 16. a4 a6 17. Rfb1 Rab8 18. Bc1 Ba8 19. axb5 axb5 20. Ra6 Nf6 21. Bg5
Rfe8 22. h3 g6 23. Qe3 Nh5 24. Bh6 b4 25. cxb4 Rxb4 26. Rxb4 Bxb4 27. Ne5 c3
28. g4 Ng7 29. Qf4 f5 30. gxf5 gxf5 31. exf5 Nxf5 32. Qg5+ Ng7 33. Qf6 Qe7 34.
Bxh7+ Kxh7 35. Qg6+ Kg8 36. Rxe6 Qb7 37. Rxe8+ Bf8 38. d5 c2 39. Ng4 Qb1+ 40.
Kh2 1-0

[Event "MK Cafe Cup-A"]
[Site "Koszalin"]
[Date "1998.08.08"]
[Round "6"]
[White "Nikcevic, Nebojsa"]
[Black "Romanishin, Oleg M"]
[Result "1-0"]
[WhiteElo "2480"]
[BlackElo "2600"]
[PlyCount "65"]
[EventDate "1998.08.03"]
[EventType "swiss"]
[EventRounds "10"]
[EventCountry "POL"]
[SourceTitle "CBM 065 Extra"]
[Source "ChessBase"]
[SourceDate "1998.09.09"]
[SourceVersion "1"]
[SourceVersionDate "1998.09.09"]
[SourceQuality "1"]

1. d4 Nf6 2. Nf3 e6 3. e3 b6 4. Bd3 Bb7 5. O-O c5 6. c4 d6 7. Nc3 Nbd7 8. a4
Be7 9. b3 a6 10. Bb2 O-O 11. d5 e5 12. Nd2 g6 13. f4 exf4 14. exf4 Nh5 15. g4
Ng7 16. Nf3 f5 17. g5 Re8 18. Ne2 Bf8 19. Ng3 b5 20. a5 Qe7 21. Re1 Qf7 22. Qd2
Rxe1+ 23. Rxe1 Re8 24. Rxe8 Nxe8 25. Nh4 bxc4 26. bxc4 Bc8 27. Ngxf5 gxf5 28.
Bxf5 Ng7 29. Bxh7+ Kxh7 30. g6+ Qxg6+ 31. Nxg6 Kxg6 32. Qg2+ Kf7 33. Qg5 1-0